| 000 | 01078nam a22002777a 4500 | ||
|---|---|---|---|
| 003 | CBULib | ||
| 005 | 20240415083726.0 | ||
| 008 | 230623b |||||||| |||| 00| 0 eng d | ||
| 020 | _a9789211129861 | ||
| 040 |
_aCBULib _cCBULib _bEnglish _erda |
||
| 041 | _aeng | ||
| 099 | _aUNCTAD(06)STIP/2020/2 | ||
| 110 | _aUnited Nations Conference on Trade and Development(UNCTAD) | ||
| 245 |
_aScience technology & innovation policy review : Uganda _c/ by United Nations Conference on Trade and Development(UNCTAD) |
||
| 260 |
_aGeneva : _bUnited Nations, _c2020 |
||
| 300 | _axvii, 110 pages : illustrations | ||
| 336 |
_2rdacontent _aText | _btxt |
||
| 337 |
_2rdamedia _aUnmediated | _bn |
||
| 338 |
_2rdacarrier _aVolume _bnc |
||
| 610 | _aUNITED NATIONS CONFERENCE ON TRADE AND DEVELOPMENT(UNCTAD) | ||
| 650 | _aTECHNOLOGICAL INNOVATIONS--GOVERNMENT POLICY--UGANDA | ||
| 650 | _aSCIENCE AND INDUSTRY--GOVERNMENT POLICY--UGANDA | ||
| 650 | _aPOLICY REVIEW--UGANDA | ||
| 856 | _uhttps://unctad.org/system/files/official-document/dtlstict2020d4_en.pdf | ||
| 942 |
_c029 _2lcc |
||
| 999 |
_c79383 _d79383 |
||